NLSUI OPAC header image

The reform decade: (Record no. 211975)

MARC details
000 -LEADER
fixed length control field 00914nam a22001457a 4500
005 - DATE AND TIME OF LATEST TRANSACTION
control field 20230725200115.0
008 - FIXED-LENGTH DATA ELEMENTS--GENERAL INFORMATION
fixed length control field 230725b |||||||| |||| 00| 0 eng d
020 ## - INTERNATIONAL STANDARD BOOK NUMBER
International Standard Book Number 9788196167080
Qualifying information (hbk)
082 ## - DEWEY DECIMAL CLASSIFICATION NUMBER
Classification number 346.066
245 ## - TITLE STATEMENT
Title The reform decade:
Remainder of title corporate and commercial law in India /
Statement of responsibility, etc. Edited by Varottil, Umakanth, Naniwadekar, Mihir and Niranjan, V
250 ## - EDITION STATEMENT
Edition statement Reprinted, 2023
260 ## - PUBLICATION, DISTRIBUTION, ETC.
Place of publication, distribution, etc. Lucknow
Name of publisher, distributor, etc. Eastern Book Company
Date of publication, distribution, etc. 2023
505 ## - Contents
Contents List of contributors;<br/>Introduction;<br/>Table of cases;<br/>List of Abbreviations;<br/>Part I Company Law;<br/>Part II Corporate Governance;<br/>Part III Securities Regulation;<br/>Part IV Mergers and Acquisitions;<br/>Part V Corporate Finance And Banking;<br/>Part VI Corporate Insolvency;<br/>Part VII Foreign Investment;<br/>Part VIII Competition Law;<br/>Part IX Law of Contracts, Trusts And Unjust Enrichment;<br/>Part X Taxation;<br/>Part XI Dispute Resolution;<br/>Subject Index.<br/>
942 ## - ADDED ENTRY ELEMENTS (KOHA)
Source of classification or shelving scheme Dewey Decimal Classification
Koha item type BOOKs
Holdings
Withdrawn status Lost status Source of classification or shelving scheme Materials specified (bound volume or other part) Damaged status Not for loan Home library Current library Shelving location Date acquired Source of acquisition Cost, normal purchase price Total Checkouts Full call number Barcode Checked out Date last seen Date last checked out Price effective from Koha item type Public note
    Dewey Decimal Classification HB     NLS NLS General Stacks 25/07/2023 Purchased - Technical Bureau India 1495.00 9 346.066 VAR 39215 08/07/2026 01/07/2026 01/07/2026 25/07/2023 BOOKs Recommended by Mr. Mihir Naniwadekar